Fungicidal management of diseases in plantation crops and spices (Record no. 59656)

MARC details
000 -LEADER
fixed length control field 00528nam a2200169Ia 4500
100 ## - MAIN ENTRY--AUTHOR NAME
Personal name Mustafee T P
245 #0 - TITLE STATEMENT
Title Fungicidal management of diseases in plantation crops and spices
260 ## - PUBLICATION, DISTRIBUTION, ETC. (IMPRINT)
Name of publisher Diseases of Plantations Crops, Spices, Betelvine and Mulberry. Edited by Dasgupta. M K. p.22-27
500 ## - GENERAL NOTE
General note Source Year: 2001
650 ## - SUBJECT ADDED ENTRY--TOPICAL TERM
Topical Term Fungicidal management
650 ## - SUBJECT ADDED ENTRY--TOPICAL TERM
Topical Term Plantation crops
650 ## - SUBJECT ADDED ENTRY--TOPICAL TERM
Topical Term Rubber
650 ## - SUBJECT ADDED ENTRY--TOPICAL TERM
Topical Term Spices
856 ## - ELECTRONIC LOCATION AND ACCESS
Uniform Resource Identifier RPP.80(11)
942 ## - ADDED ENTRY ELEMENTS (KOHA)
Koha item type Journals
Holdings
Withdrawn status Lost status Damaged status Not for loan Home library Current library Shelving location Date acquired Koha item type
      Journals RRII Library RRII Library Pathology 18/12/2001 Journals